Working out : the total shape-up guide for men /

Salvato in:
Dettagli Bibliografici
Autore principale: Hix, Charles
Natura: Sách giấy
Lingua:English
Pubblicazione: New York : Simon and Schuster ,
Tags: Aggiungi Tag
Nessun Tag, puoi essere il primo ad aggiungerne! !
Thư viện lưu trữ: Thư viện Trường Đại học Đà Lạt
LEADER 00564nam a2200241 4500
001 DLU020016977
005 ##1/9/2001
020 # # |a 978- 
041 # # |a eng 
082 # # |a 613.704 49  |b HI-C 
100 # # |a Hix, Charles 
245 # # |a Working out :  |b the total shape-up guide for men /  |c Charles Hix 
260 # # |a New York :  |b Simon and Schuster ,  |c 0 
300 # # |a 224 tr.;   |c 28 cm. 
992 # # |a 0 
994 # # |a DLU 
900 # # |a False 
911 # # |a Administrator 
925 # # |a G 
926 # # |a A 
927 # # |a SH 
980 # # |a Thư viện Trường Đại học Đà Lạt